000 00318nam a2200121 a 4500
008 110105s1975|||| d
245 1 0 _aZáklady kritiky politickej ekonémie
_n2
_bRukopisy "Grundrisse"
100 1 _aMarx, Karl
260 _bPravda
_aBratislava
_c1975
020 _c20
044 _axo
_cSK
041 _aslo
999 _c15497
_d15497